YY's General Knowledge - Multiple Choice #6 - Statistics

General Stats
  • This quiz has been taken 763 times
  • The average score is 7 of 15
Answer Stats
Question Answer % Correct
What is played at "Lord's" ? Cricket
88%
The battles between the Houses of Lancaster and York in 15th century Britain was called what ? Wars of the Roses
84%
The death of 2-month-old Azaria Chamberlain in the Northern Territory of Australia was caused by what ? Dingo
77%
Erik Weisz born on March 24, 1874 in Budapest, is better known by what name ? Harry Houdini
77%
The chemical compound with the formula NaHCO3 is commonly known as what ? Baking Soda
70%
In 1989 the oil tanker Exxon Valdez spilled 10.8 million US gallons of oil into which Alaskan Bay ? Prince William Sound
45%
The Kolyma Highway in Eastern Russia is also known as what ? Road of Bones
44%
Honiara is the capital of which Pacific nation ? Solomon Islands
44%
King Letsie III is the current king of which country ? Lesotho
39%
Dr. Harold Shipman (a.k.a Dr. Death), is believed to have killed approximately how many people in England between 1975 and 1998 ? 250
31%
Which moon in our Solar System is the largest ? Ganymede
16%
Elvis Presley's last concert before his death in 1977 was at the Market Square Arena in which city ? Indianapolis
14%
GYD is the IATA airport code for which national capital's International airport ? Baku
11%
Islington, Victoria Park and Greenwood are stations on the Subway System of which city ? Toronto
11%
The Da Vinci Code by Dan Brown was banned in which country after Catholic leaders deemed it offensive to Christianity. ? Lebanon
6%
No matching quizzes found
Score Distribution
Percent of People with Each Score
Percentile by Number Answered
Your Score History
You have not taken this quiz